[Event "Barbera del Valles op"]
[Site "Barbera del Valles"]
[Date "1997.??.??"]
[Round "9"]
[White "Bosque Ortega, Xavier"]
[Black "Monzon, Cristian"]
[Result "1-0"]
[WhiteElo "2315"]
[BlackElo "2170"]
[PlyCount "73"]
[EventDate "1997.07.??"]
[EventType "swiss"]
[EventRounds "9"]
[EventCountry "ESP"]
[SourceTitle "EXT 1999"]
[Source "ChessBase"]
[SourceDate "1998.11.16"]
[SourceVersion "1"]
[SourceVersionDate "1998.11.16"]
[SourceQuality "1"]

1. d4 f5 2. Nf3 Nf6 3. Bf4 g6 4. e3 Bg7 5. Nbd2 d6 6. h4 Nc6 7. c3 0-0 8. Bc4+ d5 9. Bd3 Nh5 10. Bh2 Re8 11. Be2 Nf6 12. Ne5 Nxe5 13. Bxe5 Be6 14. Nf3 h6 15. Qc2 c6 16. 0-0-0 Rf8 17. Rdg1 Rf7 18. Nd2 Ne4 19. Bxg7 Rxg7 20. Nxe4 fxe4 21. f3 Bf5 22. g4 Be6 23. fxe4 dxe4 24. c4 b5 25. Qxe4 Qd7 26. Qc2 bxc4 27. Bxc4 Kh8 28. Bd3 Bxg4 29. Bxg6 Qe6 30. Be4 Qxa2 31. Rxg4 Rxg4 32. Qxc6 Rb8 33. Qxh6+ Kg8 34. Bh7+ Kf7 35. Qh5+ Kg7 36. Qxg4+ Kxh7 37. Qh5+ 1-0

[Event "Barbera del Valles op"]
[Site "Barbera del Valles"]
[Date "1997.??.??"]
[Round "6"]
[White "Monzon, Cristian"]
[Black "Fernandez Aguado, Juan Luis"]
[Result "1/2-1/2"]
[WhiteElo "2170"]
[BlackElo "2320"]
[PlyCount "59"]
[EventDate "1997.07.??"]
[EventType "swiss"]
[EventRounds "9"]
[EventCountry "ESP"]
[SourceTitle "EXT 1999"]
[Source "ChessBase"]
[SourceDate "1998.11.16"]
[SourceVersion "1"]
[SourceVersionDate "1998.11.16"]
[SourceQuality "1"]

1. c4 c5 2. Nf3 Nf6 3. d4 e6 4. Nc3 cxd4 5. Nxd4 Bb4 6. g3 0-0 7. Bg2 d5 8. cxd5 Nxd5 9. Bd2 Nxc3 10. Bxc3 Bxc3+ 11. bxc3 a6 12. 0-0 e5 13. Nc2 Nd7 14. Qd6 Qa5 15. Nb4 Nf6 16. Rfd1 e4 17. Nd5 Nxd5 18. Qxd5 Qxc3 19. Bxe4 Rb8 20. Rac1 Qa3 21. Qd6 Qxd6 22. Rxd6 Be6 23. a3 Rfe8 24. Rb6 Re7 25. Rcb1 Bc4 26. Bd3 Bxd3 27. exd3 g6 28. Rxa6 Rd8 29. Ra7 Rxd3 30. Raxb7 1/2-1/2

[Event "Mataro op"]
[Site "Mataro"]
[Date "1997.??.??"]
[Round "5"]
[White "Yepes Martinez, Eduardo"]
[Black "Monzon, Cristian"]
[Result "1-0"]
[WhiteElo "2300"]
[BlackElo "2170"]
[PlyCount "59"]
[EventDate "1997.??.??"]
[EventType "swiss"]
[EventRounds "9"]
[EventCountry "ESP"]
[SourceTitle "EXT 2003"]
[Source "ChessBase"]
[SourceDate "2002.11.25"]
[SourceVersion "1"]
[SourceVersionDate "2002.11.25"]
[SourceQuality "1"]

1. d4 f5 2. c4 Nf6 3. Nc3 g6 4. f3 Bg7 5. e4 d6 6. e5 dxe5 7. dxe5 Qxd1+ 8. Kxd1 Nfd7 9. f4 Na6 10. Nge2 Ndc5 11. Be3 Ne6 12. a3 g5 13. g3 c6 14. Kc2 Kf7 15. h4 gxf4 16. gxf4 Bh6 17. b4 Rg8 18. Bh3 Ng7 19. Nd4 Nc7 20. Nce2 Be6 21. Kc3 Bd7 22. Rad1 Ke8 23. Rhg1 e6 24. Bg2 Ke7 25. Bf3 Be8 26. Nb3 Na6 27. b5 cxb5 28. Bxb7 Bh5 29. Bxa6 Bxe2 30. Bc5+ 1-0

[Event "Mar del Plata op"]
[Site "Mar del Plata"]
[Date "1996.??.??"]
[Round "3"]
[White "Szmetan, Jorge"]
[Black "Monzon, Cristian"]
[Result "1/2-1/2"]
[WhiteElo "2405"]
[BlackElo "2170"]
[PlyCount "83"]
[EventDate "1996.??.??"]
[EventType "swiss"]
[EventRounds "9"]
[EventCountry "ARG"]
[SourceTitle "CBM 051 Extra"]
[Source "ChessBase"]
[SourceDate "1996.05.01"]
[SourceVersion "1"]
[SourceVersionDate "1996.05.01"]
[SourceQuality "1"]

1. Nf3 d5 2. c4 e6 3. b3 Nf6 4. g3 c5 5. Bg2 Nc6 6. 0-0 Be7 7. e3 0-0 8. Qe2 b6 9. Bb2 Bb7 10. Rd1 Rc8 11. Nc3 dxc4 12. bxc4 Qc7 13. Ne1 Na5 14. d3 Bxg2 15. Kxg2 Qb7+ 16. Kg1 Rfd8 17. f4 Bf8 18. g4 g6 19. g5 Nh5 20. Ne4 Nxc4 21. Nf6+ Nxf6 22. Bxf6 Nd6 23. Bxd8 Rxd8 24. Qg2 Qa6 25. Nf3 Nf5 26. Qe2 b5 27. Kf2 b4 28. Rac1 Nd6 29. Ne5 Qb7 30. Ng4 Nb5 31. Nf6+ Kh8 32. Qb2 Qc8 33. Ne4+ Kg8 34. Nf6+ Kh8 35. Ne4+ Kg8 36. Rc4 Na3 37. Nf6+ Kh8 38. Ne4+ Bg7 39. Qc1 Nxc4 40. Qxc4 Kg8 41. Qxc5 Qxc5 42. Nxc5 1/2-1/2